[Event "East Lansing (MOR/3/13)"]
[Site "?"]
[Date "1993.??.??"]
[Round "?"]
[White "Vega, D."]
[Black "Jointer, William"]
[Result "0-1"]
[WhiteElo "1605"]
[BlackElo "1715"]
[PlyCount "50"]
[EventDate "1993.??.??"]

{3/(13)} 1. e4 c5 2. Nf3 Nc6 3. d4 cxd4 4. Nxd4 Nf6 5. Nc3 g6 6. Be3 Bg7 7. f3
O-O 8. Qd2 d5 9. O-O-O dxe4 10. fxe4 Ng4 11. Nxc6 Qxd2+ 12. Rxd2 bxc6 13. Bc5
Bh6 14. Bxe7 Re8 15. Bc5 Rd8 16. Bd3 Ne5 17. b3 Nxd3+ 18. Kb1 Bxd2 19. cxd3
Bxc3 20. Kc2 Ba5 21. Be7 Re8 22. Ba3 f5 23. Re1 fxe4 24. dxe4 Bf5 25. Kd3 Rad8+
0-1

[Event "Eastpointe (EDO/5/19)"]
[Site "?"]
[Date "1993.??.??"]
[Round "?"]
[White "Vega, D."]
[Black "Durrett, R."]
[Result "0-1"]
[WhiteElo "1605"]
[BlackElo "1605"]
[PlyCount "47"]
[EventDate "1993.??.??"]

{5/(19)} 1. e4 c5 2. Nf3 d6 3. d4 cxd4 4. Nxd4 Nf6 5. Nc3 a6 6. Bc4 e6 7. Bb3
Be7 8. O-O Nbd7 9. Qe2 Qc7 10. Rd1 Nc5 11. f3 O-O 12. Be3 Re8 13. h4 e5 14. Nd5
Nxd5 15. Bxd5 exd4 16. Rxd4 Bxh4 17. Rc4 Be6 18. Bxe6 fxe6 19. b4 b5 20. Rxc5
dxc5 21. Bxc5 Be7 22. Qf2 Bxc5 23. bxc5 Rac8 24. Rd1 0-1

[Event "Troy (TCC/B/4/7)"]
[Site "?"]
[Date "1993.??.??"]
[Round "?"]
[White "Vega, D."]
[Black "Basas, J."]
[Result "1-0"]
[WhiteElo "1605"]
[BlackElo "1650"]
[PlyCount "79"]
[EventDate "1993.??.??"]

{4/(7)} 1. e4 e5 2. Nf3 Nc6 3. Bb5 Nf6 4. O-O a6 5. Ba4 d6 6. c3 Bg4 7. Re1 Be7
8. h3 Bh5 9. d4 b5 10. d5 Na5 11. Bc2 Qc8 12. Nbd2 O-O 13. a4 Nb7 14. Nf1 c6
15. Ne3 Bg6 16. axb5 cxb5 17. Nf1 Nc5 18. Ng3 Qd7 19. Nh4 Bxe4 20. Nxe4 Nfxe4
21. Rxe4 Nxe4 22. Bxe4 Bxh4 23. Qh5 f5 24. Qxh4 fxe4 25. Qxe4 Rfc8 26. Be3 Rc4
27. Qc2 Qc8 28. Qd2 a5 29. f4 e4 30. Bd4 a4 31. Re1 Qf5 32. Qe3 Re8 33. Qg3 Rc7
34. Re3 Rf7 35. Qh4 Qxd5 36. Rg3 Qf5 37. Qh6 g6 38. Rg5 Qxf4 39. Rxg6+ hxg6 40.
Qh8# 1-0

[Event "Ann Arbor (HVA/1/23)"]
[Site "?"]
[Date "1993.??.??"]
[Round "?"]
[White "Vega, D."]
[Black "Ballard, C."]
[Result "1-0"]
[WhiteElo "1680"]
[BlackElo "1605"]
[PlyCount "33"]
[EventDate "1993.??.??"]

{1/(23)} 1. d4 d5 2. c4 c6 3. Nc3 e6 4. cxd5 cxd5 5. e3 Nf6 6. Bd3 Qa5 7. Nge2
Bd6 8. O-O O-O 9. Bd2 e5 10. dxe5 Bxe5 11. f4 Bd6 12. Ne4 Qb6 13. Nxf6+ gxf6
14. Rf3 Qxb2 15. Rg3+ Kh8 16. Bc3 Qa3 17. Bxf6# 1-0

[Event "Ann Arbor (HV Mini)"]
[Site "?"]
[Date "1993.??.??"]
[Round "?"]
[White "Vaughn, Gerald"]
[Black "Walquist, Elaine"]
[Result "0-1"]
[WhiteElo "1605"]
[BlackElo "1605"]
[PlyCount "150"]
[EventDate "1993.??.??"]

1. e4 c5 2. Nc3 Nc6 3. g3 Nf6 4. Bg2 d6 5. d3 g6 6. Nf3 Bg7 7. O-O O-O 8. Be3
Bg4 9. h3 Bd7 10. Kh2 a6 11. Qd2 Re8 12. Bh6 Bh8 13. Nd1 Qc8 14. Rh1 Nd8 15. a4
Ne6 16. c3 Ng7 17. Kg1 Bc6 18. Ng5 e6 19. f4 Qc7 20. Nf2 Ngh5 21. Qe3 a5 22. g4
Ng7 23. Nf3 b5 24. axb5 Bxb5 25. Bg5 Nd7 26. e5 Ra6 27. d4 d5 28. b3 Qb6 29.
Bh6 Rc8 30. Kh2 a4 31. bxa4 Rxa4 32. Rxa4 Bxa4 33. Ra1 Bc2 34. Qc1 Bb3 35. Bf1
cxd4 36. Ra6 Qc7 37. Nxd4 Bc4 38. Rc6 Qb7 39. Rxc8+ Qxc8 40. Bxc4 Qxc4 41. Kg2
Ne8 42. Qa1 Qc8 43. Nd3 Bg7 44. g5 Bf8 45. Bxf8 Kxf8 46. Qa3+ Kg7 47. Nb4 Nb6
48. Nbc6 Nc4 49. Qe7 Ne3+ 50. Kf3 Nf5 51. Nxf5+ gxf5 52. Qc5 Qa6 53. h4 Qd3+
54. Qe3 Qe4+ 55. Qxe4 fxe4+ 56. Ke3 Nc7 57. h5 h6 58. c4 dxc4 59. Kxe4 c3 60.
Kd3 Nd5 61. Nd8 Nxf4+ 62. Kxc3 hxg5 63. h6+ Kxh6 64. Nxf7+ Kh5 65. Kd2 g4 66.
Ke1 g3 67. Kf1 Kh4 68. Kg1 Kg4 69. Nh6+ Kf3 70. Nf7 Ne2+ 71. Kf1 g2+ 72. Ke1
g1=Q+ 73. Kd2 Qe3+ 74. Kc2 Qc3+ 75. Kd1 Qc1# 0-1

[Event "East Lansing (MOR/1b/22)"]
[Site "?"]
[Date "1993.??.??"]
[Round "?"]
[White "Vaughn, Gerald"]
[Black "Taylor, J."]
[Result "1-0"]
[WhiteElo "1605"]
[BlackElo "1605"]
[PlyCount "23"]
[EventDate "1993.??.??"]

1. d4 d5 2. c4 Nf6 3. Nc3 dxc4 4. Qa4+ Nc6 5. Nf3 Bf5 6. Qxc4 Ne4 7. d5 Na5 8.
Qb5+ Qd7 9. Qxa5 Nd6 10. Ne5 Qd8 11. Qa4+ b5 12. Nxb5 1-0

[Event "Flint (Class C/5)"]
[Site "?"]
[Date "1993.??.??"]
[Round "?"]
[White "Vaughn, Gerald"]
[Black "Smith, Lester"]
[Result "1-0"]
[WhiteElo "1605"]
[BlackElo "1605"]
[PlyCount "53"]
[EventDate "1993.??.??"]

1. e4 e5 2. Nf3 Nc6 3. Bc4 Bc5 4. Nc3 d6 5. Na4 Bb6 6. h3 Nf6 7. Nxb6 axb6 8.
d3 O-O 9. O-O Be6 10. Bxe6 fxe6 11. Ng5 Qe8 12. c3 d5 13. f4 Rd8 14. f5 exf5
15. exf5 Nh5 16. Ne6 Ng3 17. Qg4 Nh5 18. Nxd8 Nxd8 19. Bh6 Qf7 20. Bxg7 Nxg7
21. f6 e4 22. fxg7 Qxg7 23. Rxf8+ Kxf8 24. Rf1+ Kg8 25. Qxg7+ Kxg7 26. dxe4
dxe4 27. Re1 1-0

[Event "Trenton (Mar)"]
[Site "?"]
[Date "1993.??.??"]
[Round "?"]
[White "Vaughn, Gerald"]
[Black "Randall, Paul"]
[Result "0-1"]
[WhiteElo "1605"]
[BlackElo "1690"]
[PlyCount "66"]
[EventDate "1993.??.??"]

1. e4 e6 2. d4 d5 3. Nc3 Nf6 4. e5 Nfd7 5. Nf3 c5 6. Nb5 Qb6 7. Ng5 h6 8. Nf3
a6 9. Nd6+ Bxd6 10. exd6 Qxd6 11. b3 cxd4 12. Qxd4 e5 13. Qc3 O-O 14. Be2 Nc6
15. a3 Nf6 16. Nd2 Bf5 17. f3 Nd4 18. Bd3 Rac8 19. Qb4 Qxb4 20. axb4 Bxd3 21.
Bb2 Nxc2+ 22. Kf2 Nxa1 23. Rxa1 Rc2 24. Bxe5 Re8 25. f4 Ne4+ 26. Ke3 Rxd2 27.
Ra5 Bb5 28. Ra1 Rc8 29. Kf3 Rd3+ 30. Kg4 Rc2 31. Rg1 Rxb3 32. h4 Be2+ 33. Kf5
g6# 0-1

[Event "Lansing (MI Am/5)"]
[Site "?"]
[Date "1993.??.??"]
[Round "?"]
[White "Vaughn, Gerald"]
[Black "Moore, Robert"]
[Result "1-0"]
[WhiteElo "1605"]
[BlackElo "1760"]
[PlyCount "73"]
[EventDate "1993.??.??"]

1. d4 d6 2. c4 g6 3. Nc3 Bg7 4. e4 e5 5. d5 f5 6. exf5 Bxf5 7. Bd3 Bxd3 8. Qxd3
Nf6 9. Nf3 O-O 10. O-O Nbd7 11. b4 Re8 12. Ng5 Nf8 13. Nce4 h6 14. Nxf6+ Qxf6
15. Ne4 Qh4 16. Re1 Re7 17. Re3 Rf7 18. Rh3 Qe7 19. Bxh6 Bxh6 20. Rxh6 Rh7 21.
Qe3 Kg7 22. Rxh7+ Nxh7 23. Re1 a5 24. b5 b6 25. a4 Qh4 26. Qg3 Qxg3 27. Nxg3
Rf8 28. Re3 Nf6 29. Rf3 Nd7 30. Rxf8 Kxf8 31. Ne4 Ke7 32. g4 Nc5 33. Nxc5 dxc5
34. f3 Kf6 35. h4 e4 36. f4 Kf7 37. Kf2 1-0

[Event "Trenton (Mar)"]
[Site "?"]
[Date "1993.??.??"]
[Round "?"]
[White "Vaughn, Gerald"]
[Black "McGrath, Michael"]
[Result "1-0"]
[WhiteElo "1605"]
[BlackElo "1640"]
[PlyCount "29"]
[EventDate "1993.??.??"]

1. e4 d5 2. exd5 Qxd5 3. Nc3 Qa5 4. d4 e5 5. dxe5 Nc6 6. Bb5 Bd7 7. Nf3 O-O-O
8. O-O Bb4 9. Bd3 Nxe5 10. Nxe5 Qxe5 11. Re1 Qd4 12. Be3 Qh4 13. Bxa7 Nf6 14.
h3 b6 15. Ba6# 1-0

[Event "Flint (Class C/2)"]
[Site "?"]
[Date "1993.??.??"]
[Round "?"]
[White "Vaughn, Gerald"]
[Black "LaGuire, D."]
[Result "0-1"]
[WhiteElo "1605"]
[BlackElo "1605"]
[PlyCount "80"]
[EventDate "1993.??.??"]

1. e4 e6 2. Nc3 d5 3. exd5 exd5 4. Qf3 Nf6 5. h3 c6 6. d4 Bb4 7. Bd2 O-O 8. Qg3
Re8+ 9. Be2 Bxc3 10. Bxc3 Ne4 11. Qf3 Nd7 12. O-O-O Ndf6 13. g4 Nxc3 14. Qxc3
Ne4 15. Qf3 Qg5+ 16. Kb1 Nd2+ 17. Rxd2 Qxd2 18. a3 a5 19. Bd3 Re1+ 20. Ka2 Qc1
21. Kb3 a4+ 22. Kc3 Rxg1 23. Rxg1 Qxg1 24. Qf4 Qe1+ 25. Qd2 Qxd2+ 26. Kxd2 g6
27. f4 b6 28. c3 Ba6 29. Bb1 Re8 30. Bd3 Bxd3 31. Kxd3 Re1 32. c4 Rh1 33. cxd5
cxd5 34. Kc3 Rxh3+ 35. Kb4 Rb3+ 36. Kxa4 Rxb2 37. f5 gxf5 38. gxf5 Rd2 39. Kb5
Rxd4 40. Kxb6 Ra4 0-1

[Event "East Lansing (MOR/5/15)"]
[Site "?"]
[Date "1993.??.??"]
[Round "?"]
[White "Vaughn, Gerald"]
[Black "Jointer, William"]
[Result "0-1"]
[WhiteElo "1605"]
[BlackElo "1715"]
[PlyCount "78"]
[EventDate "1993.??.??"]

{5/(15)} 1. d4 g6 2. e4 d6 3. c4 Bg7 4. Nc3 Nf6 5. h3 O-O 6. Nf3 a6 7. a4 Nc6
8. Bg5 Nb4 9. Qd2 a5 10. Bh6 Bd7 11. Nd5 Nfxd5 12. cxd5 f5 13. Bxg7 Kxg7 14.
Ng5 Qc8 15. Bb5 c6 16. dxc6 bxc6 17. Bc4 fxe4 18. O-O d5 19. Be2 h6 20. Nxe4
dxe4 21. Kh2 Qc7+ 22. Kg1 Rf6 23. Rac1 Raf8 24. Rc5 Rf5 25. Rxf5 Rxf5 26. Bg4
Rf6 27. Bxd7 Qxd7 28. Re1 Qf5 29. Qe3 Nc2 30. g4 Qd5 31. Qxe4 Nxe1 32. Qxe7+
Rf7 33. Qxe1 Qxd4 34. b3 Rd7 35. Qxa5 Qd1+ 36. Kg2 Qd5+ 37. Qxd5 Rxd5 38. h4
Rd4 39. f3 Rb4 0-1

[Event "Ann Arbor (HV Mini)"]
[Site "?"]
[Date "1993.??.??"]
[Round "?"]
[White "Vaughn, Gerald"]
[Black "Hawley, T."]
[Result "0-1"]
[WhiteElo "1605"]
[BlackElo "1760"]
[PlyCount "36"]
[EventDate "1993.??.??"]

1. e4 e5 2. Nf3 Nc6 3. Bc4 Nf6 4. Ng5 d5 5. exd5 Nd4 6. d6 Qxd6 7. Nxf7 Qc6 8.
O-O Qxc4 9. Nxe5 Qc5 10. c3 Ne6 11. d4 Qd5 12. Re1 Bd6 13. c4 Qxd4 14. Qxd4
Nxd4 15. Ng6+ Be6 16. Nxh8 O-O-O 17. Na3 Bxa3 18. bxa3 Nc2 0-1

[Event "East Lansing (MOR/3/39)"]
[Site "?"]
[Date "1993.??.??"]
[Round "?"]
[White "Vaughn, Gerald"]
[Black "Guenther, B."]
[Result "1/2-1/2"]
[WhiteElo "1605"]
[BlackElo "1605"]
[PlyCount "66"]
[EventDate "1993.??.??"]

{3/(39)} 1. d4 b6 2. e4 Bb7 3. d5 Nf6 4. Nc3 d6 5. Bb5+ c6 6. dxc6 Bxc6 7. Qf3
Nfd7 8. Bxc6 Nxc6 9. Nh3 Nce5 10. Qe2 e6 11. f4 Nc6 12. Be3 Qe7 13. Nb5 Nc5 14.
Qf3 e5 15. fxe5 Nxe5 16. Qe2 Nxe4 17. O-O-O a6 18. Bxb6 axb5 19. Qxe4 Rxa2 20.
Kb1 Rxb2+ 21. Kxb2 Nc4+ 22. Qxc4 bxc4 23. Rhe1 Qxe1 24. Rxe1+ Kd7 25. Nf4 Kc6
26. Bd4 d5 27. Re5 Bd6 28. Rf5 Rb8+ 29. Kc1 Bxf4+ 30. Rxf4 f6 31. g4 Kd6 32.
Bxf6 gxf6 33. Rxf6+ Ke5 1/2-1/2

[Event "East Lansing (MOR/7/16)"]
[Site "?"]
[Date "1993.??.??"]
[Round "?"]
[White "Vaughn, Gerald"]
[Black "Griffin, John"]
[Result "0-1"]
[WhiteElo "1605"]
[BlackElo "1605"]
[PlyCount "84"]
[EventDate "1993.??.??"]

{7/(16)} 1. d4 Nf6 2. c4 e6 3. Nf3 b6 4. g3 Bb7 5. Bg2 c5 6. O-O Be7 7. Nc3 O-O
8. Bg5 d6 9. Bxf6 Bxf6 10. e4 Qc7 11. Nb5 Qd7 12. Nxd6 cxd4 13. Nxb7 e5 14.
Nxe5 Qxb7 15. Ng4 Nc6 16. Nxf6+ gxf6 17. Qg4+ Kh8 18. Qf5 Rac8 19. e5 fxe5 20.
Be4 f6 21. Rad1 Qg7 22. Bxc6 Rxc6 23. b3 Rfc8 24. a4 Qg6 25. Qxg6 hxg6 26. f4
Kg7 27. fxe5 fxe5 28. Rd3 Rf6 29. Rxf6 Kxf6 30. Rf3+ Ke6 31. h4 Rd8 32. Kf1 e4
33. Rf4 Ke5 34. Rf7 d3 35. Ke1 e3 36. Re7+ Kd4 37. Re6 Rf8 38. Rxg6 d2+ 39. Kd1
Rf1+ 40. Kc2 d1=Q+ 41. Kb2 Qa1+ 42. Kc2 Rf2# 0-1

[Event "Lansing (MI Am/3)"]
[Site "?"]
[Date "1993.??.??"]
[Round "?"]
[White "Vaughn, Gerald"]
[Black "Burg, Dan"]
[Result "0-1"]
[WhiteElo "1605"]
[BlackElo "1800"]
[PlyCount "114"]
[EventDate "1993.??.??"]

1. d4 f5 2. c4 Nf6 3. Nc3 g6 4. Bg5 Bg7 5. Nf3 O-O 6. Qd2 d6 7. h3 Nbd7 8. Bh6
e5 9. dxe5 Nxe5 10. Nxe5 dxe5 11. O-O-O Qxd2+ 12. Bxd2 Be6 13. b3 a5 14. f3 a4
15. e4 axb3 16. axb3 f4 17. Bd3 Nd7 18. b4 Nb6 19. c5 Na4 20. Nd5 Rf7 21. Bc4
Kh8 22. Nxc7 Rxc7 23. Bxe6 b6 24. Bd5 Raa7 25. c6 b5 26. Kb1 Nb6 27. Rc1 Bf8
28. Bc3 Bd6 29. Rc2 Kg7 30. Kc1 Kf6 31. h4 Bxb4 32. Kd2 Bxc3+ 33. Rxc3 Nc8 34.
Rb1 Ra5 35. Rc2 Ke7 36. Rc5 Na7 37. Bc4 Rxc6 38. Rxc6 Nxc6 39. Rxb5 Rxb5 40.
Bxb5 Nd4 41. Bc4 Kf6 42. Ke1 g5 43. hxg5+ Kxg5 44. Kf2 Kh4 45. Kg1 Kg3 46. Ba6
Nc2 47. Bc8 Ne3 48. Bh3 h5 49. Bc8 Nxg2 50. Ba6 Kxf3 51. Kh2 Kf2 52. Bb5 f3 53.
Bd7 Nf4 54. Bb5 Ke1 55. Kg3 f2 56. Kh4 Ne2 57. Kxh5 f1=Q 0-1

[Event "Lansing (MI Am/1)"]
[Site "?"]
[Date "1993.??.??"]
[Round "?"]
[White "Vaughn, Gerald"]
[Black "Aldrich, Jeff"]
[Result "0-1"]
[WhiteElo "1605"]
[BlackElo "1900"]
[PlyCount "54"]
[EventDate "1993.??.??"]

1. d4 d5 2. c4 e6 3. Nc3 Nf6 4. Bg5 Nbd7 5. Nf3 c6 6. cxd5 exd5 7. e3 Be7 8.
Bd3 h6 9. Bxf6 Nxf6 10. h3 O-O 11. O-O b6 12. b3 Bb7 13. Re1 Bb4 14. Qc2 c5 15.
a3 Ba5 16. Re2 a6 17. a4 cxd4 18. Na2 Rc8 19. Qb2 Bc3 20. Nxc3 dxc3 21. Qc2 Ne4
22. Bxe4 dxe4 23. Rd1 exf3 24. Rxd8 fxe2 25. Rxf8+ Kxf8 26. Qc1 c2 27. f4 e1=Q+
0-1

[Event "Lansing (MI Am/5)"]
[Site "?"]
[Date "1993.??.??"]
[Round "?"]
[White "Vangilder, W."]
[Black "Viel, M."]
[Result "1/2-1/2"]
[WhiteElo "1605"]
[BlackElo "1605"]
[PlyCount "85"]
[EventDate "1993.??.??"]

1. d4 d5 2. c4 Nf6 3. Nc3 e6 4. Bg5 Be7 5. cxd5 exd5 6. e3 Bf5 7. Nf3 Nc6 8.
Bd3 Bxd3 9. Qxd3 O-O 10. O-O Re8 11. Rab1 Qd7 12. Rfc1 a6 13. a3 Qd6 14. b4 b5
15. Qc2 Reb8 16. Ne2 Rb6 17. Bf4 Qd7 18. Ne5 Nxe5 19. Bxe5 c6 20. Bxf6 Bxf6 21.
Qc5 Qc7 22. Rc2 Be7 23. Qxd5 cxd5 24. Rxc7 Kf8 25. Rbc1 Rbb8 26. R7c6 Ke8 27.
Nf4 Rd8 28. Nh5 Bf8 29. Rc7 Rab8 30. Ra7 Ra8 31. Rb7 Rab8 32. Rbc7 Ra8 33. Nf4
g6 34. g3 Bd6 35. Rb7 Bxf4 36. exf4 Rd7 37. Re1+ Kd8 38. Rb6 Kc7 39. Rf6 a5 40.
Rc1+ Kb7 41. Rcc6 axb4 42. axb4 Ra1+ 43. Kg2 1/2-1/2

[Event "Flint (Class DE/1)"]
[Site "?"]
[Date "1993.??.??"]
[Round "?"]
[White "Vangilder, W."]
[Black "Ulrich, J."]
[Result "1-0"]
[WhiteElo "1605"]
[BlackElo "1605"]
[PlyCount "41"]
[EventDate "1993.??.??"]

1. d4 d6 2. c4 c6 3. Nc3 Nf6 4. Bg5 h6 5. Bxf6 exf6 6. Nf3 d5 7. cxd5 cxd5 8.
e3 Bb4 9. Qa4+ Nc6 10. Rc1 O-O 11. Bd3 a6 12. O-O b5 13. Nxb5 axb5 14. Qxa8 Ne7
15. a3 Ba5 16. b4 Bc7 17. Rc3 Qd6 18. Rfc1 Bg4 19. Bh7+ Kxh7 20. Qxf8 Bxf3 21.
Rxc7 1-0

[Event "Ann Arbor (HVA/2/20)"]
[Site "?"]
[Date "1993.??.??"]
[Round "?"]
[White "Vangilder, W."]
[Black "Thomas, Willie"]
[Result "1/2-1/2"]
[WhiteElo "1605"]
[BlackElo "1605"]
[PlyCount "73"]
[EventDate "1993.??.??"]

{2/(20)} 1. d4 Nf6 2. c4 c5 3. d5 b5 4. cxb5 a6 5. Nc3 g6 6. Bf4 d6 7. e4 Bg7
8. Qd2 axb5 9. Bxb5+ Bd7 10. Bxd7+ Nbxd7 11. Nge2 Ng4 12. h3 Nge5 13. b3 Qa5
14. O-O O-O 15. Bh6 Rfb8 16. Bxg7 Kxg7 17. f4 c4 18. fxe5 Nxe5 19. Qd4 Rb4 20.
Qd1 Rc8 21. Nd4 cxb3 22. axb3 Qb6 23. Nce2 Rc5 24. Kh2 Rc7 25. Ra4 Rxa4 26.
bxa4 Rc4 27. Qa1 Qa5 28. Nc6 Qxa4 29. Qxa4 Rxa4 30. Nxe5 dxe5 31. Ng3 h5 32. h4
Ra2 33. Kh3 Ra3 34. Kh2 Re3 35. Rf3 Re1 36. Rf1 Re3 37. Rf3 1/2-1/2

[Event "Trenton (Mar)"]
[Site "?"]
[Date "1993.??.??"]
[Round "?"]
[White "Vangilder, W."]
[Black "Sturgis, Derreck"]
[Result "1-0"]
[WhiteElo "1605"]
[BlackElo "1605"]
[PlyCount "91"]
[EventDate "1993.??.??"]

1. d4 Nf6 2. c4 e6 3. Nf3 d5 4. cxd5 exd5 5. Bg5 Nbd7 6. Nc3 Be7 7. e3 c5 8.
dxc5 Ne4 9. Bxe7 Nxc3 10. Bxd8 Nxd1 11. Rxd1 Kxd8 12. Rxd5 Re8 13. Bb5 Re7 14.
O-O a6 15. Ba4 Kc7 16. c6 bxc6 17. Rc1 Bb7 18. Nd4 c5 19. Rg5 f6 20. Rf5 Kb6
21. Bxd7 Rxd7 22. Rfxc5 Bd5 23. b3 Bb7 24. a4 a5 25. h3 Bd5 26. Kh2 Rb8 27.
Rb5+ Ka7 28. Rxa5+ Kb6 29. Rb5+ Ka7 30. Ra5+ Kb6 31. b4 Bb7 32. Rb5+ Ka6 33.
Nc6 Rc8 34. Ra5+ Kb6 35. b5 Bxc6 36. Ra6+ Kb7 37. bxc6+ Kxa6 38. cxd7 Rd8 39.
Rd1 Ka5 40. Rd4 Kb6 41. Kg3 Kc6 42. Kf4 Kc5 43. Kf5 Kc6 44. Ke6 Kc7 45. Ke7 Rb8
46. d8=Q+ 1-0

[Event "East Lansing (MOR/2/53)"]
[Site "?"]
[Date "1993.??.??"]
[Round "?"]
[White "Vangilder, W."]
[Black "Stone, Rick"]
[Result "1-0"]
[WhiteElo "1605"]
[BlackElo "1605"]
[PlyCount "39"]
[EventDate "1993.??.??"]

{2/(53)} 1. d4 d5 2. Bf4 Nc6 3. Nf3 Nf6 4. e3 Bf5 5. a3 e6 6. c4 Bxb1 7. Rxb1
Nh5 8. Be5 f6 9. cxd5 fxe5 10. dxc6 e4 11. Ne5 Bd6 12. Qxh5+ g6 13. Nxg6 Rf8
14. Qxh7 Qe7 15. Nxe7 Bxe7 16. Qxe4 O-O-O 17. Qxe6+ Kb8 18. Qxe7 bxc6 19. Ba6
Rfe8 20. Qb4+ 1-0

[Event "Ann Arbor (HVA/4/20)"]
[Site "?"]
[Date "1993.??.??"]
[Round "?"]
[White "Vangilder, W."]
[Black "Stockton, T."]
[Result "0-1"]
[WhiteElo "1605"]
[BlackElo "1605"]
[PlyCount "76"]
[EventDate "1993.??.??"]

{4/(20)} 1. d4 d5 2. c4 Nc6 3. Nf3 Bg4 4. Ne5 Nxe5 5. dxe5 dxc4 6. Qa4+ Qd7 7.
Qxc4 O-O-O 8. Nc3 Bh5 9. Bf4 Qd4 10. Qxd4 Rxd4 11. Be3 Rb4 12. Rb1 e6 13. a3
Rb3 14. g3 Bg6 15. Rc1 Rxb2 16. Bxa7 Bxa3 17. Bg2 Bb4 18. O-O Ne7 19. Na4 Rc2
20. Rxc2 Bxc2 21. Bc5 Bxc5 22. Nxc5 Nd5 23. Ra1 Kb8 24. Nd7+ Kc8 25. Ra8+ Kxd7
26. Rxh8 Kc6 27. Kf1 Kc5 28. e3 b5 29. Ke1 Kc4 30. Kd2 Nb4 31. Rc8 c5 32. Rc7
Bg6 33. f3 Nd5 34. Bf1+ Kb4 35. Rb7 c4 36. e4 Nc3 37. Kc2 Nxe4 38. fxe4 Bxe4+
0-1

[Event "Flint (Class DE/4)"]
[Site "?"]
[Date "1993.??.??"]
[Round "?"]
[White "Vangilder, W."]
[Black "Somers, R."]
[Result "1-0"]
[WhiteElo "1605"]
[BlackElo "1605"]
[PlyCount "107"]
[EventDate "1993.??.??"]

1. d4 d5 2. c4 e6 3. Nc3 c6 4. cxd5 cxd5 5. Nf3 Nf6 6. Bf4 Bb4 7. Qc2 Ne4 8.
Bxb8 Rxb8 9. Qa4+ Bd7 10. Qxb4 Nxc3 11. Qxc3 O-O 12. e3 Re8 13. Bd3 f6 14. O-O
Qb6 15. b3 Rbc8 16. Qb2 Bb5 17. Bxb5 Qxb5 18. Rfd1 Qa5 19. Rac1 Rc7 20. Rxc7
Qxc7 21. Rc1 Qd7 22. Qc2 Rd8 23. Qc7 Kf7 24. Qxd7+ Rxd7 25. g3 b6 26. Kf1 h6
27. Ke1 g5 28. h3 Kg6 29. Ke2 Re7 30. Rc6 h5 31. Ne1 Kf5 32. Nc2 e5 33. Kd3 e4+
34. Kc3 Rd7 35. Kb4 h4 36. g4+ Kg6 37. Kc3 Kf7 38. Kd2 Ke7 39. Nb4 Kf7 40. Na6
Ke7 41. Ke2 Rd6 42. Rxd6 Kxd6 43. f3 Ke6 44. fxe4 dxe4 45. a3 f5 46. Nc7+ Kf6
47. Ne8+ Kg6 48. gxf5+ Kxf5 49. Nd6+ Ke6 50. Nxe4 Kf5 51. Kf3 a5 52. a4 Kg6 53.
Nf2 Kf5 54. e4+ 1-0

[Event "East Lansing (MOR/6/28)"]
[Site "?"]
[Date "1993.??.??"]
[Round "?"]
[White "Vangilder, W."]
[Black "Smeltzer, P."]
[Result "1-0"]
[WhiteElo "1605"]
[BlackElo "1605"]
[PlyCount "71"]
[EventDate "1993.??.??"]

{6/(28)} 1. d4 c5 2. d5 b5 3. e4 Qb6 4. Nf3 d6 5. c4 Ba6 6. b3 Nd7 7. Bb2 bxc4
8. Nbd2 c3 9. Bxc3 Bxf1 10. Nxf1 Ngf6 11. N1d2 g6 12. O-O Bg7 13. Nc4 Qb8 14.
Nfd2 O-O 15. Qe2 e5 16. a3 Nh5 17. Qe3 f5 18. exf5 gxf5 19. f3 f4 20. Qe2 Nhf6
21. Ne4 Nxd5 22. Ncxd6 Nxc3 23. Qc4+ Kh8 24. Qxc3 Qb6 25. Kh1 Nf6 26. Qc4 Qc7
27. Rad1 Nxe4 28. Nxe4 Qf7 29. Rd5 Rab8 30. Rfd1 Qe7 31. Nxc5 Rbc8 32. b4 Rc6
33. Qe4 Qe8 34. Rd7 Rg6 35. a4 Bf6 36. Rxa7 1-0

[Event "Lansing (MI Am/1)"]
[Site "?"]
[Date "1993.??.??"]
[Round "?"]
[White "Vangilder, W."]
[Black "Rosenberg, Steve"]
[Result "1/2-1/2"]
[WhiteElo "1605"]
[BlackElo "1740"]
[PlyCount "108"]
[EventDate "1993.??.??"]

1. d4 Nf6 2. c4 g6 3. Nc3 Bg7 4. e4 d6 5. Nf3 O-O 6. Be2 Nbd7 7. O-O e5 8. Ne1
Re8 9. d5 Nc5 10. f3 Nh5 11. Be3 Nd7 12. Nd3 Rf8 13. Qd2 f5 14. Rab1 f4 15. Bf2
Nb6 16. b3 Qg5 17. Kh1 Qh6 18. Kg1 g5 19. Ne1 Qg6 20. c5 Nd7 21. cxd6 cxd6 22.
Rc1 a6 23. Na4 b5 24. Nb6 Nxb6 25. Bxb6 Bh6 26. Qb4 Rf7 27. Nd3 Bf8 28. Rc6 Qg7
29. Rfc1 Bb7 30. Rc7 a5 31. Qd2 Ba6 32. Bxa5 Nf6 33. Qb4 Ra7 34. Qc3 Raxc7 35.
Bxc7 g4 36. Qc6 gxf3 37. Bxf3 Ne8 38. Bxd6 Nxd6 39. Qxa6 Ra7 40. Qc6 Rxa2 41.
Nc5 Qa7 42. Kf1 b4 43. Qd7 Qa3 44. Qe6+ Nf7 45. Qg4+ Kh8 46. Nd3 Ra1 47. Rxa1
Qxa1+ 48. Ne1 Qa6+ 49. Be2 Qf6 50. Nf3 Nd6 51. Bd3 Nb7 52. Qg5 Bg7 53. Qg4 Nd6
54. Qg5 Nb7 1/2-1/2

[Event "Troy (TCC/DEU/1b/5)"]
[Site "?"]
[Date "1993.??.??"]
[Round "?"]
[White "Vangilder, W."]
[Black "Moore, W."]
[Result "0-1"]
[WhiteElo "1605"]
[BlackElo "1605"]
[PlyCount "57"]
[EventDate "1993.??.??"]

1. d4 d6 2. c4 e5 3. dxe5 Bf5 4. Nf3 Nc6 5. Nc3 dxe5 6. Bg5 f6 7. Bh4 h5 8. e4
Be6 9. Be2 g5 10. Bg3 h4 11. Bxe5 Nxe5 12. Nd4 Bxc4 13. Bh5+ Bf7 14. Bxf7+ Nxf7
15. Qa4+ Qd7 16. Ndb5 c6 17. Rd1 Bd6 18. Nd4 Ne7 19. O-O b6 20. Rfe1 O-O-O 21.
Qb3 Rdf8 22. Ne6 Rfg8 23. Re2 Rg6 24. Nc5 Qe8 25. Qe6+ Kc7 26. Na6+ Kb7 27. Qc4
b5 28. Nc5+ Ka8 29. Na6 0-1

[Event "Lansing (MI Am/3)"]
[Site "?"]
[Date "1993.??.??"]
[Round "?"]
[White "Vangilder, W."]
[Black "Maul, Tim"]
[Result "1/2-1/2"]
[WhiteElo "1605"]
[BlackElo "1605"]
[PlyCount "101"]
[EventDate "1993.??.??"]

1. d4 d5 2. c4 e6 3. Nc3 Nf6 4. cxd5 Nxd5 5. Qc2 Nb4 6. Qd1 N8c6 7. a3 Nd5 8.
Nf3 Be7 9. Nxd5 Qxd5 10. Bf4 Bf6 11. e3 Qd8 12. Bd3 Bd7 13. O-O O-O 14. Qc2 g6
15. Rab1 Rc8 16. b4 Ne7 17. Rfc1 Nd5 18. Be5 c6 19. Bxf6 Nxf6 20. Ne5 Kg7 21.
Qa4 Ra8 22. Nxd7 Qxd7 23. b5 cxb5 24. Bxb5 Qe7 25. Bd3 b6 26. Ba6 Rfd8 27. Qb4
Rd7 28. Rb2 Nd5 29. Qxe7 Rxe7 30. Rbc2 Rd7 31. g3 Rad8 32. Rc8 Rxc8 33. Bxc8
Rc7 34. Rxc7 Nxc7 35. Bb7 Kf6 36. Kg2 Ke7 37. Kf3 Nb5 38. a4 Nc3 39. Bc6 Kd6
40. Bb5 Nxb5 41. axb5 Kd5 42. Kf4 f6 43. h4 Kc4 44. Ke4 Kxb5 45. Kd3 Kb4 46. e4
a5 47. f4 a4 48. e5 f5 49. d5 a3 50. dxe6 a2 51. e7 1/2-1/2

[Event "Troy (TCC/DEU/5/9)"]
[Site "?"]
[Date "1993.??.??"]
[Round "?"]
[White "Vangilder, W."]
[Black "Leaman, P."]
[Result "1/2-1/2"]
[WhiteElo "1605"]
[BlackElo "1605"]
[PlyCount "122"]
[EventDate "1993.??.??"]

{5/(9)} 1. d4 d5 2. c4 c6 3. cxd5 cxd5 4. Nc3 Nf6 5. Nf3 Nc6 6. Bf4 a6 7. a3 e6
8. e3 g6 9. Be2 Bg7 10. O-O O-O 11. Rc1 Bd7 12. b4 b5 13. h3 Re8 14. Qb3 Bc8
15. Rc2 Bb7 16. Na2 Rc8 17. Nc1 Ne7 18. Nd3 Nf5 19. Rfc1 Rxc2 20. Qxc2 Nh5 21.
Bh2 Nf6 22. Nc5 Qa8 23. Nxb7 Qxb7 24. Bd3 Ne7 25. Ne5 Rc8 26. Qd2 Rxc1+ 27.
Qxc1 Qc8 28. Qxc8+ Nxc8 29. Nc6 Nd7 30. Na5 Ncb6 31. Kf1 Nc4 32. Bxc4 bxc4 33.
Ke2 h5 34. Nc6 Bf6 35. Nb8 Nxb8 36. Bxb8 Kf8 37. Kd2 Ke8 38. Ba7 Kd7 39. Bb6
Bd8 40. Bc5 Kc6 41. Kc3 Kb5 42. Kb2 a5 43. Kc3 axb4+ 44. Bxb4 Bc7 45. f3 Bh2
46. e4 Bg1 47. Bc5 Bf2 48. Bd6 Be1+ 49. Kc2 f5 50. exf5 gxf5 51. g4 fxg4 52.
fxg4 hxg4 53. hxg4 Bh4 54. Kc3 Kc6 55. Bb4 Kd7 56. Bc5 Ke8 57. Bd6 Kf7 58. Be5
Kg6 59. Kd2 Bd8 60. a4 Kg5 61. Bd6 Ba5+ 1/2-1/2

[Event "Eastpointe (EDO/1b/7)"]
[Site "?"]
[Date "1993.??.??"]
[Round "?"]
[White "Vangilder, W."]
[Black "LaForge, Tom"]
[Result "0-1"]
[WhiteElo "1605"]
[BlackElo "2005"]
[PlyCount "64"]
[EventDate "1993.??.??"]

1. d4 Nf6 2. c4 c5 3. d5 e5 4. Nc3 d6 5. e4 Be7 6. Be2 Nbd7 7. b3 O-O 8. Nf3
Ne8 9. O-O Ndf6 10. Nd2 Nd7 11. Bb2 Bg5 12. Nf3 Bh6 13. Ne1 g6 14. Nf3 Ng7 15.
Bc1 Bxc1 16. Rxc1 f5 17. Nd2 f4 18. Bg4 Nf6 19. Bxc8 Qxc8 20. f3 Qd7 21. Rf2
Kh8 22. Qe1 Ngh5 23. Nf1 Rf7 24. Nb5 a6 25. Qa5 Rg8 26. Nc3 g5 27. Rb1 g4 28.
b4 cxb4 29. Qxb4 gxf3 30. Rxf3 Rfg7 31. Rb2 Qg4 32. Rbf2 Qxg2+ 0-1